000 00652nam a2200253Ia 4500
003 OSt
005 20220926011826.0
006 a|||||r|||| 00| 0
007 ta
008 220923b |||||||| |||| 00| 0 eng d
020 _a0814453805
037 _cGeneral Book
040 _aRTL
_cRTL
_beng
041 _2eng
_aeng
082 _aS:7, L5
100 _aMcKain Robert J
_9314997
245 0 _aRealize your potential
260 _aNew York
_bAmacom
_c1975
300 _aviii,180p
_ccm.
650 _a Psychology
650 _aPersonality
_933018
942 _hS:7, L5
_cGB
_2CC
999 _c621053
_d621053